| 000 | 00977cam a2200265 4500 | ||
|---|---|---|---|
| 008 | 090401t1994 xxu||||| |||| 00| 0 eng d | ||
| 020 | _a0947763902 | ||
| 035 | _a(Sirsi) u62486 | ||
| 041 | _aeng | ||
| 050 |
_a690.25 _c18 |
||
| 245 | _aStructural failures in traditionally built domestic buildings: a CPD study pack. | ||
| 260 |
_aReading _bCollege of Estate Management _c1994 |
||
| 300 |
_avi,51p. _c30cm. |
||
| 350 | _a26.5 | ||
| 490 | _aCollege of Estate Management CPD Study Pack | ||
| 520 | _aStudy pack produced with financial support from the Royal Institution of Chartered Surveyors and the Harold Samuel Educational Trust. No accompanying audio tape. | ||
| 520 | _aSuperseded by second edition (ISBN 1904388299). | ||
| 650 | _aBUILDING FAILURES | ||
| 650 | _aDOMESTIC BUILDINGS | ||
| 650 | _aSTRUCTURAL FAILURES | ||
| 690 | _aBUILT ENVIRONMENT-BUILDING PATHOLOGY | ||
| 710 |
_aCollege of Estate Management _9400 |
||
| 942 | _n0 | ||
| 948 | _c04/03/1997 | ||
| 999 |
_c94422 _d94422 |
||